<?xml version="1.0" encoding="UTF-8"?>
<record
    xmlns:xsi="http://www.w3.org/2001/XMLSchema-instance"
    xsi:schemaLocation="http://www.loc.gov/MARC21/slim http://www.loc.gov/standards/marcxml/schema/MARC21slim.xsd"
    xmlns="http://www.loc.gov/MARC21/slim">

  <leader>01750nam a22002897a 4500</leader>
  <controlfield tag="005">20090511103413.0</controlfield>
  <controlfield tag="008">090511t        xxu||||| |||| 00| 0 pun d</controlfield>
  <datafield tag="010" ind1=" " ind2=" ">
    <subfield code="a">B-395894-897</subfield>
  </datafield>
  <datafield tag="020" ind1=" " ind2=" ">
    <subfield code="c">125.00</subfield>
    <subfield code="a">8171429149</subfield>
  </datafield>
  <datafield tag="020" ind1=" " ind2=" ">
    <subfield code="c">125.00</subfield>
    <subfield code="a">9788171429141</subfield>
  </datafield>
  <datafield tag="035" ind1=" " ind2=" ">
    <subfield code="a">B-395894-897</subfield>
  </datafield>
  <datafield tag="037" ind1=" " ind2=" ">
    <subfield code="b">&#xA28;&#xA47;&#xA38;&#xA3C;&#xA28;&#xA32; &#xA2C;&#xA41;&#xA15; &#xA38;&#xA3C;&#xA3E;&#xA2A;</subfield>
  </datafield>
  <datafield tag="040" ind1=" " ind2=" ">
    <subfield code="a">dpl</subfield>
    <subfield code="b">pn </subfield>
  </datafield>
  <datafield tag="082" ind1=" " ind2=" ">
    <subfield code="a">851</subfield>
  </datafield>
  <datafield tag="100" ind1=" " ind2=" ">
    <subfield code="a">&#xA38;&#xA3C;&#xA3F;&#xA35; &#xA28;&#xA3E;&#xA25;</subfield>
    <subfield code="9">619</subfield>
  </datafield>
  <datafield tag="245" ind1=" " ind2=" ">
    <subfield code="a">&#xA2E;&#xA48;&#xA02; &#xA26;&#xA40;&#xA35;&#xA47; &#xA15;&#xA3F;&#xA38; &#xA24;&#xA30;&#xA4D;&#xA39;&#xA3E;&#xA02; &#xA2C;&#xA3E;&#xA32;&#xA3C;&#xA3E;&#xA02; /</subfield>
    <subfield code="c">&#xA38;&#xA3C;&#xA3F;&#xA35; &#xA28;&#xA3E;&#xA25;</subfield>
  </datafield>
  <datafield tag="246" ind1=" " ind2=" ">
    <subfield code="a">Main Diwe kis tarahn balan</subfield>
    <subfield code="b">by Shiv Nath</subfield>
  </datafield>
  <datafield tag="260" ind1=" " ind2=" ">
    <subfield code="a">&#xA1A;&#xA70;&#xA21;&#xA40;&#xA17;&#xA21;&#xA3C;</subfield>
    <subfield code="b">&#xA32;&#xA4B;&#xA15; &#xA17;&#xA40;&#xA24; &#xA2A;&#xA4D;&#xA30;&#xA15;&#xA3E;&#xA38;&#xA28;</subfield>
    <subfield code="c">2009</subfield>
  </datafield>
  <datafield tag="270" ind1=" " ind2=" ">
    <subfield code="a">S.C.O-26-27, Sector-34, </subfield>
    <subfield code="b">Chandigarh</subfield>
    <subfield code="e">160022</subfield>
    <subfield code="k">0172-5077427, 5077428</subfield>
  </datafield>
  <datafield tag="300" ind1=" " ind2=" ">
    <subfield code="a">107 &#xA2A;&#xA70;.</subfield>
    <subfield code="c">22 &#xA38;&#xA47;&#xA2E;&#xA40; (&#xA38;&#xA1C;&#xA3F;&#xA3C;&#xA32;&#xA26;) </subfield>
  </datafield>
  <datafield tag="942" ind1=" " ind2=" ">
    <subfield code="2">ddc</subfield>
    <subfield code="c">PN</subfield>
    <subfield code="h">851</subfield>
    <subfield code="m">&#xA38;&#xA3C;&#xA3F;&#xA35;&#xA28;&#xA3E;</subfield>
  </datafield>
  <datafield tag="999" ind1=" " ind2=" ">
    <subfield code="c">37162</subfield>
    <subfield code="d">37162</subfield>
  </datafield>
  <datafield tag="952" ind1=" " ind2=" ">
    <subfield code="0">0</subfield>
    <subfield code="1">0</subfield>
    <subfield code="2">ddc</subfield>
    <subfield code="4">0</subfield>
    <subfield code="7">0</subfield>
    <subfield code="8">NFIC</subfield>
    <subfield code="a">L</subfield>
    <subfield code="b">L</subfield>
    <subfield code="d">2010-07-22</subfield>
    <subfield code="e">BPPD/PUB/13;13/23.3.10/253/30.3.10</subfield>
    <subfield code="g">125.00</subfield>
    <subfield code="l">0</subfield>
    <subfield code="o">851 &#xA38;&#xA3C;&#xA3F;&#xA35;&#xA28;&#xA3E;</subfield>
    <subfield code="p">B-395894</subfield>
    <subfield code="r">2010-07-22 00:00:00</subfield>
    <subfield code="t">1</subfield>
    <subfield code="v">125.00</subfield>
    <subfield code="y">PN</subfield>
  </datafield>
  <datafield tag="952" ind1=" " ind2=" ">
    <subfield code="0">0</subfield>
    <subfield code="1">0</subfield>
    <subfield code="2">ddc</subfield>
    <subfield code="4">0</subfield>
    <subfield code="7">0</subfield>
    <subfield code="8">NFIC</subfield>
    <subfield code="a">M</subfield>
    <subfield code="b">M</subfield>
    <subfield code="d">2010-08-12</subfield>
    <subfield code="e">BPPD/PUB/13;13/23.3.10/253/30.3.10</subfield>
    <subfield code="g">125.00</subfield>
    <subfield code="l">0</subfield>
    <subfield code="o">851 &#xA38;&#xA3C;&#xA3F;&#xA35;&#xA28;&#xA3E;</subfield>
    <subfield code="p">B-395895</subfield>
    <subfield code="r">2010-08-12 00:00:00</subfield>
    <subfield code="t">1</subfield>
    <subfield code="v">125.00</subfield>
    <subfield code="w">2010-08-12</subfield>
    <subfield code="y">PN</subfield>
  </datafield>
  <datafield tag="952" ind1=" " ind2=" ">
    <subfield code="0">0</subfield>
    <subfield code="1">0</subfield>
    <subfield code="2">ddc</subfield>
    <subfield code="4">0</subfield>
    <subfield code="7">0</subfield>
    <subfield code="8">NFIC</subfield>
    <subfield code="a">TN</subfield>
    <subfield code="b">TN</subfield>
    <subfield code="d">2010-08-12</subfield>
    <subfield code="e">BPPD/PUB/13;13/23.3.10/253/30.3.10</subfield>
    <subfield code="g">125.00</subfield>
    <subfield code="l">0</subfield>
    <subfield code="o">851 &#xA38;&#xA3C;&#xA3F;&#xA35;&#xA28;&#xA3E;</subfield>
    <subfield code="p">B-395896</subfield>
    <subfield code="r">2010-08-12 00:00:00</subfield>
    <subfield code="t">1</subfield>
    <subfield code="v">125.00</subfield>
    <subfield code="w">2010-08-12</subfield>
    <subfield code="y">PN</subfield>
  </datafield>
  <datafield tag="952" ind1=" " ind2=" ">
    <subfield code="0">0</subfield>
    <subfield code="1">5</subfield>
    <subfield code="2">ddc</subfield>
    <subfield code="4">0</subfield>
    <subfield code="7">0</subfield>
    <subfield code="8">NFIC</subfield>
    <subfield code="a">SP</subfield>
    <subfield code="b">SP</subfield>
    <subfield code="d">2010-08-12</subfield>
    <subfield code="e">BPPD/PUB/13;13/23.3.10/253/30.3.10</subfield>
    <subfield code="g">125.00</subfield>
    <subfield code="l">0</subfield>
    <subfield code="o">851 &#xA38;&#xA3C;&#xA3F;&#xA35;&#xA28;&#xA3E;</subfield>
    <subfield code="p">B-395897</subfield>
    <subfield code="r">2010-08-12 00:00:00</subfield>
    <subfield code="t">1</subfield>
    <subfield code="v">125.00</subfield>
    <subfield code="y">PN</subfield>
  </datafield>
</record>
